[Event "zonal 1.4 (w)"]
[Site "Ostrava CZE"]
[Date "1999.05.29"]
[Round "8"]
[White "Krupkova, Petra"]
[Black "Foisor, Cristina"]
[Result "1-0"]
[WhiteElo "2349"]
[BlackElo "2370"]
[EventDate "1999.05.22"]
[PlyCount "65"]

1.e4 d6 2.d4 Nf6 3.Nc3 g6 4.Be3 c6 5.h3 Bg7 6.f4 O-O 7.Qf3 a5 8.O-O-O a4 
9.e5 Ne8 10.a3 f6 11.exd6 exd6 12.d5 c5 13.g4 f5 14.g5 Bd7 15.h4 Nc7 16.h5
b5 17.Qh3 Kf7 18.Nf3 b4 19.Nb1 Nba6 20.Nh4 Qb8 21.hxg6+ hxg6 22.Nxg6 bxa3 
23.bxa3 Rg8 24.Bd3 Bb2+ 25.Kd2 Nxd5 26.Bxf5 Bc3+ 27.Ke2 Bb5+ 28.Kf2 Nxe3 
29.Be6+ Ke8 30.Qxe3 Bd4 31.Rxd4 cxd4 32.Qe4 Nc7 33.Bf5+ 1-0

[Event "zonal 1.4 (w)"]
[Site "Ostrava CZE"]
[Date "1999.05.29"]
[Round "8"]
[White "Madl, Ildiko"]
[Black "Hagarova, Zuzana"]
[Result "1-0"]
[WhiteElo "2409"]
[BlackElo "2297"]
[EventDate "1999.05.22"]
[PlyCount "121"]

1.e4 e6 2.d4 d5 3.Nc3 Nf6 4.Bg5 Be7 5.e5 Nfd7 6.Bxe7 Qxe7 7.f4 O-O 8.Nf3 
c5 9.Qd2 Nc6 10.dxc5 Qxc5 11.O-O-O Nb6 12.Bd3 Bd7 13.Kb1 Na5 14.b3 Rfc8 
15.Ne2 Nac4 16.Qc3 Ne3 17.Qxc5 Rxc5 18.Rdg1 Ng4 19.Rc1 a5 20.h3 Nf2 21.
Rhf1 Nxd3 22.cxd3 Rac8 23.Rxc5 Rxc5 24.Rc1 Rxc1+ 25.Kxc1 Nc8 26.Kd2 Ne7 
27.Ned4 f6 28.Kc3 Kf7 29.g3 h6 30.a3 Nc8 31.Kd2 Ne7 32.Ke3 Ng6 33.g4 Ne7 
34.h4 Ng6 35.Ne2 Ne7 36.Kd4 b6 37.Ke3 f5 38.g5 h5 39.Ng3 g6 40.Nd4 Ke8 41.
Nge2 Nc8 42.Kd2 Kd8 43.Kc3 Na7 44.b4 a4 45.b5 Nxb5+ 46.Nxb5 Bxb5 47.Nd4 
Bd7 48.Kb4 Kc7 49.Ne2 Kb7 50.Nc3 Ka6 51.Nxa4 Bb5 52.Nb2 Bd7 53.a4 Be8 54.
Nd1 d4 55.Nb2 Bc6 56.Nc4 Bf3 57.Nd6 Be2 58.Nb5 Bxd3 59.Nxd4 Bb1 60.Nxe6 
Ba2 61.Nf8 1-0

[Event "zonal 1.4 (w)"]
[Site "Ostrava CZE"]
[Date "1999.05.29"]
[Round "8"]
[White "Cosma, Elena-Luminita"]
[Black "Grabics, Monika"]
[Result "1/2-1/2"]
[WhiteElo "2365"]
[BlackElo "2310"]
[EventDate "1999.05.22"]
[PlyCount "110"]

1.d4 Nf6 2.Nf3 g6 3.g3 Bg7 4.Bg2 O-O 5.O-O d6 6.b3 e5 7.dxe5 Nfd7 8.Bb2 
dxe5 9.Nfd2 Nc6 10.Nc3 Re8 11.Qc1 Nf8 12.Rd1 Be6 13.Nde4 Qc8 14.Nc5 Bh3 
15.Bxc6 bxc6 16.N3a4 e4 17.Bxg7 Kxg7 18.Qf4 Qg4 19.Qxg4 Bxg4 20.Rd4 Bxe2 
21.Rxe4 Rxe4 22.Nxe4 Rd8 23.Kg2 Ne6 24.Nac3 Bh5 25.f3 f5 26.Nf2 Rd2 27.h3 
g5 28.Re1 Nd4 29.g4 Bg6 30.Rd1 Rxd1 31.Ncxd1 Nxc2 32.gxf5 Bxf5 33.Kg3 Nd4 
34.Nc3 Kg6 35.f4 Nb5 36.Nce4 h6 37.fxg5 hxg5 38.Nc5 Nd4 39.a3 Bc2 40.a4 
Ne2+ 41.Kg4 a5 42.Nfe4 Nd4 43.Nxg5 Nxb3 44.Nge4 Nxc5 45.Nxc5 Bf5+ 46.Kf4 
Bxh3 47.Ke5 Bg4 48.Nb7 Bd1 49.Nxa5 Bxa4 50.Kd4 Kf6 51.Kc5 Ke7 52.Nxc6+ 
Bxc6 53.Kxc6 Kd8 54.Kc5 Kd7 55.Kd5 c6+ 1/2-1/2

[Event "zonal 1.4 (w)"]
[Site "Ostrava CZE"]
[Date "1999.05.29"]
[Round "8"]
[White "Lakos, Nikoletta"]
[Black "Dworakowska, Joanna"]
[Result "1/2-1/2"]
[WhiteElo "2350"]
[BlackElo "2323"]
[EventDate "1999.05.22"]
[PlyCount "93"]

1.e4 c5 2.Nf3 d6 3.d4 cxd4 4.Nxd4 Nf6 5.Nc3 a6 6.Be2 e5 7.Nb3 Be7 8.O-O 
O-O 9.Kh1 Qc7 10.a4 Be6 11.f4 exf4 12.Bxf4 Nc6 13.Nc5 Ne5 14.Nxe6 fxe6 15.
Qd4 Rac8 16.Rad1 Nfd7 17.Qe3 Bf6 18.Qh3 Rfe8 19.Bh5 Re7 20.Bg4 Rce8 21.Bh5
Rd8 22.b3 Nf8 23.Rd2 Qc6 24.Qe3 Nfg6 25.Bxg6 Nxg6 26.Ne2 Nxf4 27.Qxf4 Qc5 
28.Qg4 Qg5 29.Qxg5 Bxg5 30.Rd3 Rf7 31.Rxf7 Kxf7 32.c4 Ke7 33.g3 b6 34.Kg2 
Bf6 35.Kf3 Kd7 36.Rd1 Rf8 37.Nf4 Bc3 38.Ke2 Rf6 39.Nd3 Rh6 40.h4 Rg6 41.
Kf3 Kc7 42.Rc1 Bd4 43.Rd1 Rf6+ 44.Ke2 Bc3 45.Rc1 Bd4 46.Rd1 Bc3 47.Rc1 
1/2-1/2

[Event "zonal 1.4 (w)"]
[Site "Ostrava CZE"]
[Date "1999.05.29"]
[Round "8"]
[White "Bobrowska, Monika"]
[Black "Saljova, Silvie"]
[Result "1-0"]
[WhiteElo "2440"]
[BlackElo "2212"]
[EventDate "1999.05.22"]
[PlyCount "69"]

1.d4 Nf6 2.Nf3 e6 3.c4 Bb4+ 4.Nbd2 b6 5.a3 Bxd2+ 6.Bxd2 Bb7 7.Bg5 d6 8.Qc2
Nbd7 9.Rd1 h6 10.Bh4 Qe7 11.e3 g5 12.Bg3 h5 13.h4 g4 14.Ng5 Ng8 15.c5 dxc5
16.dxc5 Qxc5 17.Qd2 Ngf6 18.Rc1 Qd5 19.Rxc7 O-O 20.Qxd5 Bxd5 21.e4 Bb3 22.
e5 Nd5 23.Rxd7 Rfc8 24.Bd3 Rc1+ 25.Ke2 Rxh1 26.Nxf7 Kf8 27.Nd6 Ne7 28.Bf4 
Nf5 29.Nxf5 exf5 30.Bxf5 Bc4+ 31.Kd2 Rxh4 32.e6 Bxe6 33.Bxe6 Rh1 34.Bd6+ 
Ke8 35.Rh7 1-0

[Event "zonal 1.4 (w)"]
[Site "Ostrava CZE"]
[Date "1999.05.29"]
[Round "8"]
[White "Zielinska, Marta"]
[Black "Velcheva, Maria"]
[Result "1-0"]
[WhiteElo "2327"]
[BlackElo "2283"]
[EventDate "1999.05.22"]
[PlyCount "127"]

1.d4 d5 2.c4 e6 3.cxd5 exd5 4.Nc3 Nf6 5.Bg5 Nbd7 6.e3 c6 7.Bd3 Be7 8.Nf3 
Nh5 9.Bxe7 Qxe7 10.O-O O-O 11.Qb1 g6 12.b4 Nhf6 13.Nd2 a5 14.bxa5 Rxa5 15.
a4 b6 16.Nb3 Ra8 17.a5 bxa5 18.Nxa5 Qd6 19.Nb3 Rxa1 20.Qxa1 Ng4 21.g3 h5 
22.Rc1 Ndf6 23.Nd1 h4 24.Na5 Bd7 25.Qb2 Kg7 26.h3 Nxf2 27.Qxf2 hxg3 28.Qe1
Rh8 29.Bf1 Ne4 30.Nb7 Qe7 31.Nc5 Bxh3 32.Nxe4 Qxe4 33.Qxg3 Bxf1 34.Nf2 Qe6
35.Kxf1 Rh5 36.Ke2 Qf5 37.Nd3 Qe4 38.Nf4 Rh8 39.Nd3 Re8 40.Kd2 Ra8 41.Qe5+
f6 42.Qxe4 dxe4 43.Nb4 f5 44.Rxc6 g5 45.Rc5 Kg6 46.Nd5 Ra2+ 47.Ke1 Ra7 48.
Kf2 Rf7 49.Rc6+ Kg7 50.Rc7 Rxc7 51.Nxc7 Kf6 52.Kg3 Ke7 53.Nd5+ Ke6 54.Nf4+
Kf6 55.Nh3 Kg6 56.Kf2 Kf6 57.Ke2 Kg6 58.d5 Kf6 59.d6 g4 60.Nf4 Kf7 61.Kf2 
Ke8 62.Kg3 Kd7 63.Ne2 Kxd6 64.Kf4 1-0

[Event "zonal 1.4 (w)"]
[Site "Ostrava CZE"]
[Date "1999.05.29"]
[Round "8"]
[White "Radziewicz, Iweta"]
[Black "Ciganikova, Andrea"]
[Result "1-0"]
[WhiteElo "2384"]
[BlackElo "2139"]
[EventDate "1999.05.22"]
[PlyCount "61"]

1.e4 c5 2.Nf3 Nc6 3.Bb5 g6 4.Bxc6 dxc6 5.d3 Bg7 6.h3 e5 7.Be3 Qe7 8.Nc3 f6
9.Qd2 Be6 10.b3 Qd6 11.O-O Ne7 12.a4 a5 13.Nd1 O-O 14.Nb2 b6 15.Bh6 Rad8 
16.Bxg7 Kxg7 17.Nc4 Qc7 18.h4 h6 19.Nh2 f5 20.Qc3 Bxc4 21.bxc4 fxe4 22.
dxe4 Rd4 23.Rfe1 Rf4 24.Nf3 Rdxe4 25.Nxe5 Kh7 26.g3 Rxe1+ 27.Rxe1 Rd4 28.
Qf3 Nc8 29.h5 Nd6 30.Nxg6 Nc8 31.Re7+ 1-0

[Event "zonal 1.4 (w)"]
[Site "Ostrava CZE"]
[Date "1999.05.29"]
[Round "8"]
[White "Jicman, Ligia-Letitia"]
[Black "Sikorova, Olga"]
[Result "0-1"]
[WhiteElo "2236"]
[BlackElo "2216"]
[EventDate "1999.05.22"]
[PlyCount "82"]

1.e4 d5 2.exd5 Nf6 3.c4 e6 4.dxe6 Bxe6 5.Nf3 Nc6 6.d4 Bb4+ 7.Nc3 Ne4 8.Bd2
Bxc3 9.bxc3 Qe7 10.Be2 Bxc4 11.O-O Nxc3 12.Bxc3 Bxe2 13.Qc2 O-O-O 14.Rfe1 
Rhe8 15.Rab1 Qa3 16.Qf5+ Kb8 17.Rb3 Qxa2 18.Qxf7 Qc2 19.Reb1 b6 20.h3 Rf8 
21.Qh5 Bc4 22.Qc5 Bxb3 23.Rxb3 Qxb3 24.Qxc6 Rf6 25.Qe4 Qxc3 26.Qxh7 Rxf3 
27.gxf3 Qxd4 28.Kg2 a5 29.Qc2 a4 30.Qa2 Rd5 31.h4 Rc5 32.Kg3 Qe5+ 33.Kg2 
Qe8 34.Kg3 Qg6+ 35.Kh3 Qf5+ 36.Kg3 Qe5+ 37.Kg2 Qd4 38.Kg3 Rc4 39.Qa3 Qxh4+
40.Kg2 Qg5+ 41.Kf1 Qc1+ 0-1

[Event "zonal 1.4 (w)"]
[Site "Ostrava CZE"]
[Date "1999.05.29"]
[Round "8"]
[White "Goczo, Melinda"]
[Black "Pokorna, Regina"]
[Result "1-0"]
[WhiteElo "2191"]
[BlackElo "2196"]
[EventDate "1999.05.22"]
[PlyCount "63"]

1.d4 Nf6 2.Nf3 e6 3.c4 d5 4.g3 dxc4 5.Bg2 Nbd7 6.Qa4 a6 7.Qxc4 b5 8.Qc2 
Bb7 9.O-O c5 10.dxc5 Bxc5 11.Nc3 Rc8 12.Qd3 Qb6 13.h3 O-O 14.Bg5 Rfd8 15.
Rad1 h6 16.Bxf6 Nxf6 17.Qb1 Qc7 18.e3 b4 19.Na4 Ba7 20.Rxd8+ Rxd8 21.Rc1 
Qd6 22.b3 Be4 23.Qb2 Qd5 24.Qe2 Bd3 25.Qb2 Ne4 26.Qe5 Qxe5 27.Nxe5 Nxg3 
28.Rd1 Ne2+ 29.Kh1 Bb8 30.Rxd3 Rc8 31.Nc6 Kh7 32.Rd2 1-0

[Event "zonal 1.4 (w)"]
[Site "Ostrava CZE"]
[Date "1999.05.29"]
[Round "8"]
[White "Genova, Ruzhka"]
[Black "Dojkova, Galina"]
[Result "1-0"]
[WhiteElo "2238"]
[BlackElo "2131"]
[EventDate "1999.05.22"]
[PlyCount "41"]

1.d4 e6 2.c4 Nf6 3.g3 c5 4.d5 b5 5.dxe6 fxe6 6.Bg2 d5 7.cxd5 exd5 8.Nc3 
Bb7 9.Nxb5 Be7 10.Nh3 Qb6 11.Na3 O-O 12.O-O Na6 13.b3 Ne4 14.Bb2 Bf6 15.
Bxf6 Rxf6 16.Qc1 Raf8 17.Nf4 Nb4 18.Nc2 g5 19.Nh3 Nxf2 20.Rxf2 c4 21.Ne3 
1-0

[Event "zonal 1.4 (w)"]
[Site "Ostrava CZE"]
[Date "1999.05.29"]
[Round "8"]
[White "Cedikova, Katerina"]
[Black "Jackova, Jana"]
[Result "1-0"]
[WhiteElo "2082"]
[BlackElo "2202"]
[EventDate "1999.05.22"]
[PlyCount "75"]

1.c4 e5 2.g3 Nf6 3.Bg2 d5 4.cxd5 Nxd5 5.Nc3 Nb6 6.Nf3 Nc6 7.O-O Be7 8.d3 
O-O 9.a3 Re8 10.b4 Bf8 11.Bb2 a5 12.b5 Nd4 13.e3 Nxf3+ 14.Bxf3 a4 15.Re1 
Ra7 16.Re2 Be6 17.Rd2 Qd7 18.Rc1 f5 19.Qe2 Rd8 20.Nb1 Bd6 21.e4 Qxb5 22.
Nc3 Qe8 23.exf5 Bxf5 24.Nd5 Nxd5 25.Bxd5+ Kh8 26.Qf3 Bc8 27.d4 c6 28.dxe5 
Be7 29.Bf7 Qf8 30.Rxd8 Bxd8 31.Rd1 Be7 32.Qh5 Ra5 33.Bg6 h6 34.Rd3 Be6 35.
Rf3 Qd8 36.Be4 Bd5 37.e6 Bg5 38.Bxg7+ 1-0

[Event "zonal 1.4 (w)"]
[Site "Ostrava CZE"]
[Date "1999.05.30"]
[Round "9"]
[White "Peptan, Corina-Isabela"]
[Black "Madl, Ildiko"]
[Result "1/2-1/2"]
[WhiteElo "2427"]
[BlackElo "2409"]
[EventDate "1999.05.22"]
[PlyCount "28"]

1.e4 c5 2.c3 d5 3.exd5 Qxd5 4.d4 Nf6 5.Nf3 Bg4 6.Nbd2 Nc6 7.Bc4 Bxf3 8.Qb3
Na5 9.Qb5+ Qd7 10.Nxf3 Nxc4 11.Qxc4 cxd4 12.Nxd4 e6 13.Bg5 Nd5 14.O-O-O h6
1/2-1/2

[Event "zonal 1.4 (w)"]
[Site "Ostrava CZE"]
[Date "1999.05.30"]
[Round "9"]
[White "Hagarova, Zuzana"]
[Black "Bobrowska, Monika"]
[Result "1-0"]
[WhiteElo "2297"]
[BlackElo "2440"]
[EventDate "1999.05.22"]
[PlyCount "73"]

1.e4 g6 2.d4 c6 3.Nc3 d5 4.e5 h5 5.f4 Nh6 6.Nf3 Bg4 7.Be3 e6 8.h3 Bxf3 9.
Qxf3 Nf5 10.Bf2 h4 11.Bd3 a6 12.O-O Qc7 13.Ne2 c5 14.dxc5 Bxc5 15.Rac1 
Bxf2+ 16.Qxf2 Nc6 17.c4 dxc4 18.Rxc4 Qd7 19.Be4 Nfe7 20.Nc3 O-O-O 21.b4 
Qd2 22.Qb6 Rd4 23.Bxc6 Nxc6 24.Rxc6+ bxc6 25.Qxc6+ Kd8 26.Qa8+ Kd7 27.Qxh8
Qxc3 28.Qf8 Qxb4 29.Qxf7+ Qe7 30.Qxg6 Rd2 31.Rc1 Rd5 32.Qg8 Rc5 33.Rd1+ 
Kc7 34.Qa8 Rb5 35.Qa7+ Rb7 36.Rc1+ Kd8 37.Qa8+ 1-0

[Event "zonal 1.4 (w)"]
[Site "Ostrava CZE"]
[Date "1999.05.30"]
[Round "9"]
[White "Voiska, Margarita"]
[Black "Zielinska, Marta"]
[Result "1-0"]
[WhiteElo "2364"]
[BlackElo "2327"]
[EventDate "1999.05.22"]
[PlyCount "81"]

1.d4 d5 2.g3 c6 3.Bg2 Nf6 4.Nf3 g6 5.O-O Bg7 6.c4 O-O 7.cxd5 cxd5 8.Ne5 
Nc6 9.Nc3 e6 10.f4 Bd7 11.Be3 Qe7 12.Bf2 Rfc8 13.Re1 Rab8 14.e4 Nxe4 15.
Nxe4 dxe4 16.Bxe4 Nxe5 17.dxe5 b6 18.Qf3 Bf8 19.Rad1 Qe8 20.a3 Bc6 21.Rd2 
Bxe4 22.Qxe4 Qc6 23.Kg2 Qxe4+ 24.Rxe4 Bc5 25.Rd7 a5 26.Re2 Bxf2 27.Kxf2 
Rd8 28.Rxd8+ Rxd8 29.Ke3 Kf8 30.Rc2 Rd5 31.b4 h5 32.Rc6 Rb5 33.Rc4 Rd5 34.
Rd4 Rxd4 35.Kxd4 axb4 36.axb4 Ke7 37.Kc4 Kd7 38.Kb5 Kc7 39.Ka6 Kc6 40.b5+ 
Kc5 41.h4 1-0

[Event "zonal 1.4 (w)"]
[Site "Ostrava CZE"]
[Date "1999.05.30"]
[Round "9"]
[White "Vajda, Szidonia"]
[Black "Lakos, Nikoletta"]
[Result "0-1"]
[WhiteElo "2340"]
[BlackElo "2350"]
[EventDate "1999.05.22"]
[PlyCount "72"]

1.e4 g6 2.d4 c6 3.Nf3 Bg7 4.c4 d6 5.Nc3 Nf6 6.Be2 O-O 7.O-O a6 8.b3 b5 9.
Qc2 b4 10.Na4 c5 11.dxc5 Nfd7 12.Bb2 Nxc5 13.Nxc5 dxc5 14.Bxg7 Kxg7 15.
Qb2+ f6 16.e5 f5 17.Rad1 Qc7 18.h4 h6 19.h5 g5 20.e6+ Rf6 21.Ne5 a5 22.Bf3
Ra6 23.Rfe1 Raxe6 24.Bd5 Rd6 25.Ng6 e6 26.Rd3 Nc6 27.g3 Nd4 28.Rxd4 cxd4 
29.Qxd4 Qd8 30.Re5 exd5 31.Re7+ Kg8 32.cxd5 Rxg6 33.Qe5 Be6 34.Rb7 Rxd5 
35.Qe3 Rd1+ 36.Kh2 Bd5 0-1

[Event "zonal 1.4 (w)"]
[Site "Ostrava CZE"]
[Date "1999.05.30"]
[Round "9"]
[White "Dworakowska, Joanna"]
[Black "Krupkova, Petra"]
[Result "1-0"]
[WhiteElo "2323"]
[BlackElo "2349"]
[EventDate "1999.05.22"]
[PlyCount "131"]

1.e4 c5 2.Nf3 d6 3.d4 cxd4 4.Nxd4 Nf6 5.Nc3 a6 6.Be2 e6 7.O-O Qc7 8.Be3 
Be7 9.f4 O-O 10.Qe1 b5 11.Bf3 Bb7 12.e5 dxe5 13.fxe5 Nfd7 14.Qg3 Bc5 15.
Ne4 Bxd4 16.Bxd4 Nc6 17.c3 Nxd4 18.cxd4 Bxe4 19.Bxe4 Rac8 20.Qh3 h6 21.
Rad1 Qb6 22.Kh1 Rc4 23.Rf4 f5 24.exf6 Nxf6 25.Qe3 Nxe4 26.Rxe4 Rf6 27.h3 
Rc2 28.Qb3 Rcf2 29.Kg1 R2f4 30.Rxf4 Rxf4 31.Qe3 Qd6 32.Rd2 g5 33.a3 Qd5 
34.Kh2 Re4 35.Qc3 Qd6+ 36.Kg1 Rf4 37.Qc5 Qd5 38.Qc8+ Rf8 39.Qxa6 Qe4 40.
Qa5 Qe1+ 41.Kh2 Rf1 42.Qd8+ Rf8 43.Qa5 h5 44.d5 Qe5+ 45.g3 Qe1 46.Qc3 Rf1 
47.Qc8+ Kg7 48.Qc3+ Kg6 49.Qd3+ Kh6 50.d6 g4 51.Qxf1 Qxd2+ 52.Kg1 Qd4+ 53.
Qf2 Qxd6 54.Qf4+ Qxf4 55.gxf4 Kg6 56.b3 Kf5 57.a4 bxa4 58.bxa4 Ke4 59.hxg4
hxg4 60.Kg2 Kd4 61.Kg3 e5 62.f5 e4 63.f6 e3 64.f7 e2 65.Kf2 g3+ 66.Kxe2 
1-0

[Event "zonal 1.4 (w)"]
[Site "Ostrava CZE"]
[Date "1999.05.30"]
[Round "9"]
[White "Foisor, Cristina"]
[Black "Velcheva, Maria"]
[Result "0-1"]
[WhiteElo "2370"]
[BlackElo "2283"]
[EventDate "1999.05.22"]
[PlyCount "180"]

1.c4 e6 2.g3 d5 3.Bg2 Nf6 4.Nf3 Be7 5.O-O O-O 6.b3 c6 7.Bb2 b6 8.d3 Bb7 9.
Nbd2 Nbd7 10.e4 c5 11.Qe2 Rc8 12.Rfe1 d4 13.e5 Ne8 14.h4 g6 15.Bc1 Qc7 16.
Nf1 Ng7 17.N1h2 Bc6 18.Bh6 Qb7 19.Bh3 Rfe8 20.g4 f6 21.exf6 Bxf6 22.g5 Bd8
23.Bxg7 Kxg7 24.Ne5 Bc7 25.Nhg4 Nxe5 26.Nxe5 Re7 27.h5 Rf8 28.h6+ Kh8 29.
Bg4 Bd6 30.Rf1 Rf4 31.f3 Qc7 32.Rae1 Bb7 33.Rf2 Re8 34.Rg2 Re7 35.Rg3 Re8 
36.Kh2 Ref8 37.Kg1 Qe7 38.Bh3 Qc7 39.Bg4 Qe7 40.Bh3 a6 41.Rf1 Qc7 42.Re1 
Qe7 43.Rf1 Rh4 44.f4 Rhxf4 45.Rxf4 Rxf4 46.Bg2 Rf5 47.Bxb7 Bxe5 48.Rf3 
Qxg5+ 49.Kf1 Qxh6 50.Rxf5 Qh3+ 51.Kg1 Qxf5 52.Bxa6 h5 53.Bb7 h4 54.Be4 
Qg5+ 55.Kf1 h3 56.Qf3 Qc1+ 57.Ke2 Qc2+ 58.Kf1 Qb1+ 59.Ke2 Qxa2+ 60.Kf1 
Qb1+ 61.Ke2 Qc2+ 62.Kf1 Qc1+ 63.Ke2 Qh6 64.Kd1 Kg7 65.Bb7 Qe3 66.Qxe3 dxe3
67.Ke2 Bf4 68.Bf3 Kf6 69.Bg4 h2 70.Bf3 g5 71.Be4 g4 72.Kf1 Kg5 73.Bc6 Kh4 
74.Bg2 Kg3 75.Bh1 Kh3 76.Bg2+ Kh4 77.Bh1 Kg5 78.Ke2 Kf6 79.Kf1 Ke5 80.Ke2 
Kd4 81.Bg2 Kc3 82.Bh1 Kxb3 83.Bg2 Kb4 84.Bh1 b5 85.cxb5 Kxb5 86.Bg2 Kb4 
87.Bh1 Kc3 88.Bg2 Kd4 89.Bh1 e5 90.Bg2 e4 0-1

[Event "zonal 1.4 (w)"]
[Site "Ostrava CZE"]
[Date "1999.05.30"]
[Round "9"]
[White "Saljova, Silvie"]
[Black "Radziewicz, Iweta"]
[Result "0-1"]
[WhiteElo "2212"]
[BlackElo "2384"]
[EventDate "1999.05.22"]
[PlyCount "88"]

1.d4 e6 2.c4 c5 3.d5 exd5 4.cxd5 d6 5.Nc3 a6 6.a4 g6 7.Nf3 Bg7 8.Qc2 Ne7 
9.Bf4 O-O 10.Rd1 Re8 11.e3 Bg4 12.Be2 Nc8 13.Nd2 Bxe2 14.Kxe2 Nd7 15.Rhe1 
Rb8 16.Nc4 Nf6 17.a5 Nh5 18.Bg3 Nxg3+ 19.hxg3 b5 20.axb6 Nxb6 21.Na5 Nxd5 
22.Rxd5 Qxa5 23.Rxd6 Rxb2 24.Qxb2 Bxc3 25.Qb1 Bxe1 26.Qxe1 Qb5+ 27.Kf3 
Qb7+ 28.Ke2 Qxg2 29.Qa5 Qe4 30.Qxc5 Qg4+ 31.Ke1 Rc8 32.Qa3 Rb8 33.Qxa6 
Rb1+ 34.Kd2 Qd1+ 35.Kc3 Rb3+ 36.Kc4 Qc2+ 37.Kd4 Qxf2 38.Qa8+ Kg7 39.Qa1 
Rb8 40.Kd3+ Kg8 41.Qc3 Qxg3 42.Qc7 Re8 43.Qb6 Rxe3+ 44.Kc4 Rc3+ 0-1

[Event "zonal 1.4 (w)"]
[Site "Ostrava CZE"]
[Date "1999.05.30"]
[Round "9"]
[White "Sikorova, Olga"]
[Black "Cosma, Elena-Luminita"]
[Result "0-1"]
[WhiteElo "2216"]
[BlackElo "2365"]
[EventDate "1999.05.22"]
[PlyCount "56"]

1.e4 c5 2.Nf3 Nc6 3.d4 cxd4 4.Nxd4 Qc7 5.Nc3 e6 6.Be3 a6 7.Bd3 Nf6 8.O-O 
Ne5 9.h3 Bc5 10.Qe2 d6 11.f4 Ng6 12.Nb3 Bxe3+ 13.Qxe3 O-O 14.Rae1 b5 15.e5
dxe5 16.Bxg6 hxg6 17.fxe5 Nd7 18.Nd4 Bb7 19.Rf4 Rad8 20.h4 Nb6 21.Rg4 b4 
22.Nd1 Rd5 23.b3 Nd7 24.Nf3 Qxc2 25.Rc4 Qxa2 26.Rxb4 Rxe5 27.Qf2 Qxf2+ 28.
Kxf2 Bxf3 0-1

[Event "zonal 1.4 (w)"]
[Site "Ostrava CZE"]
[Date "1999.05.30"]
[Round "9"]
[White "Grabics, Monika"]
[Black "Genova, Ruzhka"]
[Result "1-0"]
[WhiteElo "2310"]
[BlackElo "2238"]
[EventDate "1999.05.22"]
[PlyCount "71"]

1.e4 c5 2.Nf3 d6 3.d4 cxd4 4.Nxd4 Nf6 5.Nc3 e6 6.Be3 a6 7.f4 Nc6 8.Qf3 Qc7
9.O-O-O Bd7 10.g4 Nxd4 11.Rxd4 e5 12.fxe5 dxe5 13.Rc4 Qa5 14.g5 Ng4 15.Bd2
b5 16.Nxb5 Qxb5 17.Rc8+ Rxc8 18.Bxb5 axb5 19.h3 h5 20.Qe2 Nf6 21.gxf6 gxf6
22.Qf3 f5 23.exf5 Bc6 24.Qe3 f6 25.Qb3 Bd7 26.Rg1 h4 27.Rg6 Rc4 28.Rxf6 
Be7 29.Rb6 Rg8 30.Qe3 Bd8 31.Rd6 e4 32.b3 Rg3 33.bxc4 Rxe3 34.Bxe3 Bxf5 
35.Rxd8+ Kxd8 36.Bg5+ 1-0

[Event "zonal 1.4 (w)"]
[Site "Ostrava CZE"]
[Date "1999.05.30"]
[Round "9"]
[White "Cedikova, Katerina"]
[Black "Brustman, Agnieszka"]
[Result "0-1"]
[WhiteElo "2082"]
[BlackElo "2379"]
[EventDate "1999.05.22"]
[PlyCount "100"]

1.d4 Nf6 2.c4 d6 3.Nc3 Nbd7 4.e4 e5 5.Be3 Be7 6.g3 O-O 7.Bg2 c6 8.Nf3 Ng4 
9.Bc1 Qb6 10.O-O Qb4 11.d5 Nc5 12.Qe2 a5 13.Bd2 Qb6 14.h3 Nf6 15.Rab1 Qa6 
16.Bg5 Re8 17.Nd2 Nxd5 18.Nxd5 cxd5 19.Bxe7 Rxe7 20.exd5 Bf5 21.Ne4 Bxe4 
22.Bxe4 Nxe4 23.Qxe4 f5 24.Qd3 Rf8 25.b3 f4 26.Qe4 Qb6 27.Kg2 Ref7 28.g4 
f3+ 29.Kh2 Rf4 30.Qd3 Qd8 31.Rg1 Qh4 32.Rg3 e4 33.Qe3 Qf6 34.Kg1 Qe5 35.
Kf1 R4f7 36.Ke1 Re7 37.Kd2 Qf6 38.Kc2 Rc8 39.Kd2 b5 40.Rc1 bxc4 41.bxc4 
Qb2+ 42.Rc2 Qb4+ 43.Qc3 Rxc4 44.Qxb4 Rxb4 45.Ke3 Rb1 46.g5 Rd1 47.Rd2 Re1+
48.Kf4 e3 49.Rb2 exf2 50.Rxf2 Rf7+ 0-1

[Event "zonal 1.4 (w)"]
[Site "Ostrava CZE"]
[Date "1999.05.30"]
[Round "9"]
[White "Jackova, Jana"]
[Black "Goczo, Melinda"]
[Result "0-1"]
[WhiteElo "2202"]
[BlackElo "2191"]
[EventDate "1999.05.22"]
[PlyCount "98"]

1.e4 e6 2.d4 d5 3.Nc3 Nf6 4.Bg5 dxe4 5.Nxe4 Be7 6.Bxf6 Bxf6 7.Nf3 Nd7 8.
Bd3 b6 9.Qe2 Bb7 10.O-O-O Qe7 11.g4 g6 12.Rhe1 Bg7 13.g5 O-O 14.Kb1 c5 15.
c3 a6 16.h4 cxd4 17.cxd4 b5 18.h5 Rfd8 19.Bc2 Rac8 20.Qe3 Nb6 21.Bb3 a5 
22.h6 Bh8 23.Nc5 a4 24.Nxb7 Qxb7 25.Bc2 Nc4 26.Qe2 Qe7 27.Be4 Qb4 28.Ka1 
Na5 29.Qd2 Qxd2 30.Rxd2 Nc4 31.Rdd1 Rd6 32.b3 axb3 33.axb3 Na5 34.Kb2 Rcd8
35.Kc3 Nc6 36.Bxc6 Rxc6+ 37.Kd3 Rcd6 38.Ke4 Rd5 39.Rd2 e5 40.dxe5 Rxd2 41.
Nxd2 Rxd2 42.Rc1 Rd8 43.f4 b4 44.Rc4 Rb8 45.Kd5 Kf8 46.Kc5 Ke7 47.Rxb4 
Rxb4 48.Kxb4 Ke6 49.Kc5 Kf5 0-1

[Event "zonal 1.4 (w)"]
[Site "Ostrava CZE"]
[Date "1999.05.30"]
[Round "9"]
[White "Ciganikova, Andrea"]
[Black "Jicman, Ligia-Letitia"]
[Result "0-1"]
[WhiteElo "2139"]
[BlackElo "2236"]
[EventDate "1999.05.22"]
[PlyCount "182"]

1.e4 c5 2.Nc3 Nc6 3.g3 g6 4.Bg2 Bg7 5.d3 d6 6.Be3 e6 7.Qd2 Rb8 8.Nge2 Nd4 
9.Nd1 Ne7 10.c3 Nxe2 11.Qxe2 O-O 12.Qd2 f5 13.Bh6 Nc6 14.Bxg7 Kxg7 15.f4 
Qf6 16.Ne3 Bd7 17.O-O Rbe8 18.Rad1 Qd8 19.Nc2 Qb6 20.Kh1 Ne7 21.Ne3 Bc6 
22.Nc4 Qc7 23.b4 Bb5 24.e5 Bxc4 25.exd6 Qxd6 26.dxc4 Qxd2 27.Rxd2 Rd8 28.
Rfd1 Rxd2 29.Rxd2 cxb4 30.cxb4 Rc8 31.c5 Rc7 32.Rd6 Kf7 33.Kg1 h6 34.Kf2 
g5 35.Ke3 Ng6 36.Bf3 Ke7 37.Bh5 Nf8 38.fxg5 hxg5 39.Kd4 Nd7 40.Bf3 Nf6 41.
a4 Nd7 42.a5 g4 43.Bg2 Nf6 44.Kc4 Nd7 45.Rd2 Nf6 46.b5 b6 47.c6 Ne8 48.
axb6 axb6 49.Ra2 Nd6+ 50.Kb4 e5 51.Ra6 Nc8 52.Kc4 Kd6 53.Ra2 Ke6 54.Bd5+ 
Kf6 55.Ra8 f4 56.Kd3 f3 57.Ke3 Ke7 58.Ra4 Kd6 59.Bc4 Ne7 60.Bd3 Nd5+ 61.
Kf2 Nf6 62.Bf5 Kc5 63.Bd3 Re7 64.Rc4+ Kd6 65.Be4 Ra7 66.h4 Kc7 67.Bg6 Ra5 
68.h5 e4 69.Bxe4 Ra2+ 70.Bc2 Nxh5 71.Rxg4 Rxc2+ 72.Kxf3 Rc3+ 73.Kf2 Rc5 
74.Rb4 Rc2+ 75.Kf3 Rc3+ 76.Kg4 Nxg3 77.Rf4 Ne2 78.Rf7+ Kd6 79.Rd7+ Kc5 80.
Rd2 Kxb5 81.Rxe2 Kxc6 82.Kf4 b5 83.Ke4 Kc5 84.Rh2 b4 85.Rh5+ Kc4 86.Rh1 b3
87.Rb1 Rh3 88.Rc1+ Kb4 89.Kd4 Ka3 90.Ra1+ Kb2 91.Rg1 Ka2 0-1

[Event "zonal 1.4 (w)"]
[Site "Ostrava CZE"]
[Date "1999.05.30"]
[Round "9"]
[White "Dojkova, Galina"]
[Black "Pokorna, Regina"]
[Result "1/2-1/2"]
[WhiteElo "2131"]
[BlackElo "2196"]
[EventDate "1999.05.22"]
[PlyCount "82"]

1.e4 e5 2.Nf3 Nc6 3.Bc4 Nf6 4.d3 Be7 5.O-O d6 6.c3 O-O 7.Bb3 a6 8.Re1 Na5 
9.Bc2 c5 10.h3 b5 11.d4 Qc7 12.d5 c4 13.Nbd2 Ne8 14.Nf1 Nb7 15.Ng3 Nc5 16.
b4 cxb3 17.axb3 Bd7 18.Nh2 Bh4 19.Nhf1 a5 20.f4 Nf6 21.f5 b4 22.Re3 Qb6 
23.Kh1 Bg5 24.Rf3 Bxc1 25.Qxc1 a4 26.Nd2 bxc3 27.Rxc3 Rfc8 28.bxa4 Nxa4 
29.Bxa4 Rxc3 30.Qxc3 Rxa4 31.Rxa4 Bxa4 32.Qc8+ Ne8 33.Nc4 Qb4 34.f6 Bb5 
35.Nb6 Qc5 36.Qd8 gxf6 37.Nf5 Qc1+ 38.Kh2 Qf4+ 39.Kg1 Qc1+ 40.Kh2 Qf4+ 41.
Kg1 Qc1+ 1/2-1/2